000 00535cam a2200205ua 4500
020 _c13.00
041 _aeng
_h
082 _a301
_bSUT/IN
100 _aSutherland, Robert.L .
245 _aIntroductory sociology /
_cL.Robert Sutherland.
_hTextual Documents
250 _a6 /
_b.
260 _aNew Delhi :
_bOxford & IBH Publishing company ,
_c1979.
300 _a403 ; .
365 _a13.00
504 _a
700 1 _aMaxwell, Milton.A .
700 1 _aWoodward, Juliai.L .
942 _cBK
999 _c2067
_d2067